Central Library OPAC University of Rajshahi

বিশ্বনবীর চার সহচর / (Record no. 78187)

MARC details
000 -LEADER
fixed length control field 00836nam a22002177a 4500
001 - CONTROL NUMBER
control field 78187
003 - CONTROL NUMBER IDENTIFIER
rucl marc code BD-RjUL
005 - DATE AND TIME OF LATEST TRANSACTION
control field 20211209083111.0
008 - FIXED-LENGTH DATA ELEMENTS--GENERAL INFORMATION
fixed length control field 210408b1965 pk ||||| |||| 00| 0dben d
035 ## - SYSTEM CONTROL NUMBER
System control number (BD-RjUL)78413
040 ## - CATALOGING SOURCE
Original cataloging agency BD-RjUL
Language of cataloging ben/eng
Transcribing agency BD-RjUL
041 ## - LANGUAGE CODE
Language code of text/sound track or separate title ben
082 ## - DEWEY DECIMAL CLASSIFICATION NUMBER
Edition number 23
Classification number 297.648
Author mark and year BAB 1965
100 ## - MAIN ENTRY--PERSONAL NAME
Personal name বাসরী, আবু হাসান
9 (RLIN) 246877
245 10 - TITLE STATEMENT
Title বিশ্বনবীর চার সহচর /
Statement of responsibility, etc. আবু হাসান বাসরী
260 ## - PUBLICATION, DISTRIBUTION, ETC. (IMPRINT)
Place of publication, distribution, etc. [ঢাকা]:
Name of publisher, distributor, etc. শহীদ পাবলিশার্স,
Date of publication, distribution, etc. ১৯৬৫
300 ## - PHYSICAL DESCRIPTION
Pagination ২৫৬ পৃ. ;
Size ১৮ সেমি.
600 ## - SUBJECT ADDED ENTRY--PERSONAL NAME
Personal name মুহাম্মদ (সা.),
Titles and other words associated with a name -নবী,
Dates associated with a name -632
General subdivision সাহাবী
Personal name Muḥammad (SM.),
Titles and other words associated with a name Prophet,
Dates associated with a name -632
General subdivision Companions.
942 ## - ADDED ENTRY ELEMENTS (KOHA)
Source of classification or shelving scheme Dewey Decimal Classification
Koha item type Rare Books
Holdings
Lost status Source of classification or shelving scheme Damaged status Not for loan Collection code Permanent Location Current Location Shelving location Date acquired Source of acquisition Cost, normal purchase price Total Checkouts Full call number Date last seen Copy number Koha item type
  Dewey Decimal Classification   Not For Loan Rare Books Central Library, University of Rajshahi Central Library, University of Rajshahi Rare Book Section 04/05/1967 Farooque Library, Rajshahi 4.00   BRA 297.648 BAB 1965 08/04/2021 C-1 Rare Books